00418 2200169 4500001002100000008004100021035002000062245004200082250001000124260003000134300001500164020001800179084001700197082001100214650001000225990001300235INLIS000000000000023 ind  a0010-0921000023 aLovasketbYour HeartcLuna Torashyngu aCet.3 aJakarta :bGramediac2014 a320c20 cm a9789792297430 a808.83 LUN l a808.83 aFiksi aDI. 2150